1591 1992 1535 1852 1682 1926 1575 1116 1117 1074 1379 1826 1712 1088 1811 1951 1035 1186 1858 1773 1553 1256 1913 1480 1634 1343 1717 1115 1317 1828 1048 1530 1721 1655 1755 1116 1125 1436 1746 1069 1471 1392 1581 1616 1712 1026 1221 1845 1273 1520 1927 1335 1009 1091 1689 1133 1573 1347 1032 1051 1406 1504 1634 1570 1849 1935 1726 1828 1041 1489 1079 1890 1147 1806 1199 1925 1935 1233 1778 1475 1892 1401 1680 1351 1148 1452 1463 1880 1578 1791 1542 1383 1144 1044 1418 1549 1930 1927 1179 BCNSPRNW ULIB Ver.6.0+V

เปลี่ยนเป็นภาษาไทย

Change to English
 แสดงรายละเอียดบรรณานุกรม
  กลับหน้าหลัก

Brief Record : Get Marc (ISO 2709) : E-mail record : QR code < ปิดหน้าต่าง
LEADER : 00000nam 2200000uu 4500
001    13399123042
003     ULIB
008    131128s2555||||th 000 0 tha d
020    ^a9786162142932
090    ^aนว.^bพ187พ ล.39
100 0  ^aพนมเทียน
245 10 ^aเพชรพระอุมา: นาคเทวี เล่ม 3/^cพนมเทียน
250    ^aพิมพ์รวมเล่มครั้งที่ 6
260    ^aกรุงเทพฯ :^bณ บ้านวรรณกรรม,^c2555
300    ^a342 หน้า
505 00 ^a^gล.1-4^tไพรมหากาฬ --^gล.5-8^tดงมรณะ -- ^gล.9-12^tจอมผีดิบมันตรัย -- ^gล.13-16^tอาถรรพณ์นิทรานคร -- ^gล.17-20^tป่าโลกล้านปี -- ^gล.21-24^tแงซายจอมจักรา -- ^gล.25-28^tจอมพราน -- ^gล.29-32^tไอ้งาดำ -- ^gล.33-36^tจิตรางคนางค์-- ^gล.37-40^tนาคเทวี -- ^gล.41-44^tแด่ปางบรรพ์ -- ^gล.45-48^tมงกุฎไพร
650  4 ^aนวนิยายไทย
945    ^p225^l0^i034243
999    ทศพร
รายการนี้ยังไม่มีแท็ก
คุณยังไม่ได้ล็อกอิน คุณสามารถมีกิจกรรมร่วมกับเว็บไซต์ได้ แต่ต้องล็อกอินก่อน ::
  ล็อกอิน

รายการสื่อสารสนเทศ

ลำดับที่ ประเภท เลขเรียก/บาร์โค้ด สถานที่ สถานะ
1. นวนิยาย
นวนิยาย
นว. พ187พ ล.39 ฉ.1 
  Barcode: 034243
ห้องสมุดวิทยาเขตสวรรค์ประชารักษ์
►นวนิยาย
บนชั้น
  ขอยืม

รายการใกล้เคียง
    ผู้แต่ง [พนมเทียน]

    หัวเรื่อง [นวนิยายไทย]

BibComment


ยังไม่เคยถูกคอมเมนท์

คอมเมนท์ทรัพยากรรายการนี้
  คอมเมนท์: เพชรพระอุมา นาคเ..


 Copyright 2026. Bcnsprnw @Library